000 00363nam a2200169Ia 4500
003 0100
008 130303s9999 xx 000 0 und d
040 _cARRUPELIB
050 _aPR6025.A316A17 1964
100 _aMacneice, Louis
245 _aSelected poems
260 _aLondon
260 _bFaber Faber
260 _C1964
300 _a160p
942 0 0 _01
999 _c41887
_d41887